00461nam a2200145Ia 4500008004100000020001800041082001400059100002900073245002700102260001800129500001500147942000700162952013100169999001500300260604s9999 xx 000 0 und d a9781836593294 a158.1 CAR aBy marissa carter935669 0aPersonality Psychology bEd-Tech Press aPsychology cBK 00104070aIIMVbIIMVcLOCKERd2026-06-04g20136.50l0o158.1 CARp004111r2026-06-04 10:20:29v20136.50w2026-06-04yBKBCAR c8493d8493